مشروع الشرق الأوسط الكبير : (Record no. 14668)
[ view plain ]
| 000 -الفاتح | |
|---|---|
| حقل البيانات ثابتة الطول | 00853nam a22001817a 4500 |
| 008 - عناصر البيانات ثابتة الطول - معلومات عامة | |
| حقل البيانات ثابتة الطول | 100816s2005 xxu||||| |||| 00| 0 ara d |
| 082 ## - رقم تصنيف ديوى العشرى | |
| رقم الطبعة | 22 |
| رقم التصنيف | 338.7 |
| رقم المادة | أ ش هـ |
| 100 1# - المدخل الرئيسى - إسم شخصى | |
| 9 (RLIN) | 17504 |
| الإسم الشخصى | الأشهب ، نعيم |
| 245 ## - بيان العنوان | |
| العنوان | مشروع الشرق الأوسط الكبير : |
| بقية العنوان | أعلى مراحل التبعية / |
| بيان المسئوليه,etc | نعيم الأشهب ، مازن الحسيني |
| 260 ## - PUBLICATION, DISTRIBUTION, ETC. (IMPRINT) | |
| مكان الناشر او الموزع | عمان : |
| اسم الناشر او الموزع | دار الشروق ، |
| تاريخ النشر أو التوزيع | 2005. |
| 300 ## - الوصف المادى | |
| التعداد | 231 ص ؛ |
| أبعاد الوعاء | 20 سم. |
| 504 ## - تبصرة ببليوجرافية | |
| تبصرة ببليوجرافية,الخ | يحتوى على إرجاعات ببليوجرافية |
| 541 ## - تبصرة المصدر المباشر للتزويد | |
| مصدر التزويد | دار الشروق ؛ |
| طريقة التزويد | شراء ؛ |
| 650 ## - المدخل الاضافى بالموضوع-مصطلح موضوعى | |
| 9 (RLIN) | 16238 |
| مصطلح موضوعي أو اسم جغرافي كعنصر مدخل | السياسة |
| 700 ## - المدخل الاضافى - اسم شخصى | |
| 9 (RLIN) | 17505 |
| الإسم الشخصى | الحسيني ، مازن |
| 942 ## - عناصر المدخل الإضافي( كوها) | |
| مصدر التصنيف او مخطط الترفيف | Dewey Decimal Classification |
| Koha [default] item type | Book - Borrowing |
| حالة التراجع | حالة الفقد | مصدر التصنيف او خطة الترفيف | حالة تلف | ليس للاعارة | مجموعات كوها | المكان الدائم | المكان الحالي | موقع الترفيف | تاريخ الاكتساب | Source of acquisition | سعر الشراء الطبيعي | تعداد مسلسل / التسلسل الزمني | رقم الاستدعاء | الباركود | Date last seen | نوع الوعاء |
|---|---|---|---|---|---|---|---|---|---|---|---|---|---|---|---|---|
| Dewey Decimal Classification | Central Library | Central Library | First floor | 16/08/2010 | 38.50 | 52 | 338.7 أ ش هـ | 000021716 | 15/07/2025 | Book - Borrowing |